000 00291nam a2200121Ia 4500
008 170620s9999 xx 000 0 und d
100 _aSIDDIQUI -ANEES AHMAD
245 0 _a PHARMACEUTICAL ANALYSIS
260 _bCBS- DELHI
260 _c2006
300 _a296
546 _aEnglish
690 _a PHARMACEUTICAL ANALYSIS
999 _c31027
_d31027